000 00335nam a2200133Ia 4500
008 240624s9999 xx 000 0 und d
041 _aeng
082 _a519.5 SIL
100 _aSILVER NATE
245 _aSIGNAL AND THE NOISE WHY SO MANY PREDICT
260 _c2012
_aNew York
_bThe Penguin Press
300 _a544 : p.
365 _c
_b25
999 _c21012
_d21012